000 00710nam a22001815i 4500
001 158700
003 ES-MaACL
005 20230906211257.0
008 040902s1867 fr |||| | fre d
040 _aCAM
_bspa
_cCAM
100 1 _aMarcou, Jules.
_976547
245 1 4 _aUne ascension dans les Montagnes Rocheuses /
_cpar J. Marcou.
260 _aParis :
_b[s.n.],
_c1867 (
_fImprimerie de E. Martinet)
300 _a24 p. ;
_c24 cm.
500 _aExtrait du Bulletin de la Société de Géographie (Mai 1867)
651 4 _aMontañas Rocosas.
_9137260
852 _aES-MaACL
_jT-901-F-24
_z-- Enc. hol. conservando la cub. original
_z-- Legado de Federico de Botella y de Hornos
_z-- Enc. en un vol. facticio
999 _c158700
_d158700